[Event "Regionalliga Sued-Ost 1819"]
[Site "Bayern"]
[Date "2018.10.21"]
[Round "1.4"]
[White "Litzka, Matthias"]
[Black "Schnegelberg, Christian"]
[Result "1-0"]
[WhiteElo "2056"]
[BlackElo "1821"]
[PlyCount "55"]
[EventDate "2018.10.21"]
[EventType "team-tourn"]
[EventRounds "9"]
[EventCountry "GER"]
[SourceTitle "EXT 2022"]
[Source "ChessBase"]
[SourceDate "2021.10.06"]
[SourceVersion "1"]
[SourceVersionDate "2021.10.06"]
[SourceQuality "1"]
[WhiteTeam "Starnberg SC"]
[BlackTeam "Tegernsee TV"]
[WhiteTeamCountry "GER"]
[BlackTeamCountry "GER"]

1. Nf3 Nf6 2. c4 g6 3. d4 Bg7 4. g3 0-0 5. Bg2 d5 6. 0-0 c6 7. Qb3 Ne4 8. Nc3 b6 9. cxd5 Nxc3 10. Qxc3 cxd5 11. Bf4 Bb7 12. Ne5 f6 13. Nd3 Nc6 14. Rfd1 Kh8 15. Rac1 Rc8 16. Nb4 Nxb4 17. Qxb4 Rxc1 18. Rxc1 e5 19. Be3 Rf7 20. Qa3 Ba8 21. Qc3 Bb7 22. Bh3 Ba6 23. Qa3 Bb7 24. Qxa7 Rc7 25. Rxc7 Qxc7 26. dxe5 d4 27. Bxd4 fxe5 28. Bxb6 1-0